UM Logo

Pedagogical practices in teaching language arts and communication skills among education students in UM Digos College/ (Record no. 3038)

MARC details
000 -LEADER
fixed length control field 00649nam a22001697a 4500
008 - FIXED-LENGTH DATA ELEMENTS--GENERAL INFORMATION
fixed length control field 160604b xxu||||| |||| 00| 0 eng d
082 ## - DEWEY DECIMAL CLASSIFICATION NUMBER
Edition number 2008
Classification number UT 0167
Item number B64
100 ## - MAIN ENTRY--PERSONAL NAME
9 (RLIN) 10147
Personal name Borja, Anna May O.
245 ## - TITLE STATEMENT
Title Pedagogical practices in teaching language arts and communication skills among education students in UM Digos College/
Statement of responsibility, etc. Anna May O. Borja [and three others].
260 ## - PUBLICATION, DISTRIBUTION, ETC. (IMPRINT)
Place of publication, distribution, etc. Digos City:
Name of publisher, distributor, etc. UMDC
Date of publication, distribution, etc. October 2008.
300 ## - PHYSICAL DESCRIPTION
Extent 66 pages;
Dimensions 28 cm.
650 #0 - SUBJECT ADDED ENTRY--TOPICAL TERM
9 (RLIN) 10145
Topical term or geographic name as entry element Education
Form subdivision English
General subdivision Undergraduate thesis.
700 ## - ADDED ENTRY--PERSONAL NAME
9 (RLIN) 10141
Personal name Daligdig, Jorish L.
700 ## - ADDED ENTRY--PERSONAL NAME
9 (RLIN) 10142
Personal name Coloma, Lorna A.
700 ## - ADDED ENTRY--PERSONAL NAME
9 (RLIN) 10144
Personal name Dura, Juey B.
942 ## - ADDED ENTRY ELEMENTS (KOHA)
Source of classification or shelving scheme Dewey Decimal Classification
Koha item type Undergraduate Thesis
Holdings
Withdrawn status Lost status Source of classification or shelving scheme Damaged status Not for loan Collection code Home library Current library Date acquired Total Checkouts Full call number Barcode Date last seen Price effective from Koha item type
    Dewey Decimal Classification     Undergraduate Theses UM Digos College - LIC UM Digos College - LIC 06/04/2016   UT 0167 B64 2008 UT0167 06/04/2016 06/04/2016 Undergraduate Thesis